000 00865nam0a22002651 4500
001 rc\837292
005 20041129092118.8
035 _a(NLR Aleph) 006018987
090 _a7407844
_c7407844
100 _a20041129d1983 u |0rusy50 ca
101 0 _arus
102 _aRU
105 _ay |||||||||
200 1 _aТеория бухгалтерского учета
_e[Учеб. для экон. спец. вузов]
205 _a3-е изд., перераб. и доп.
210 _aМ.
_cФинансы и статистика
_d1983
215 _a271 с.
_d22
320 _aБиблиогр.: с. 265-266
320 _aАлф.-предм. указ.: с. 267-269
700 1 _aМакаров
_bВ. Г.
_gВладимир Геннадьевич
801 0 _aRU
_bNLR
_gpsbo
801 1 _aRU
_bELAR
_2rusmarc
852 _aNLR
_j84-5/380
942 _cBOOK
980 _aNB